Những cuộc đàm phán lịch sử trong thời đại Hồ Chí Minh
Gồm 2 phần. Phần 1: Hiệp định Geneve 1954; Phần 2: Hiệp định Paris 1973
Guardado en:
| Autor principal: | |
|---|---|
| Otros Autores: | |
| Formato: | Libro |
| Lenguaje: | Undetermined |
| Publicado: |
Đồng Nai
Nxb. Đồng Nai
2011
|
| Materias: | |
| Acceso en línea: | http://lrc.tdmu.edu.vn/opac/search/detail.asp?aID=2&ID=20167 |
| Etiquetas: |
Agregar Etiqueta
Sin Etiquetas, Sea el primero en etiquetar este registro!
|
| Thư viện lưu trữ: | Trung tâm Học liệu Trường Đại học Thủ Dầu Một |
|---|
| LEADER | 00995nam a2200217Ia 4500 | ||
|---|---|---|---|
| 001 | TDMU_20167 | ||
| 008 | 210410s9999 xx 000 0 und d | ||
| 082 | |a 959.7043 | ||
| 090 | |b L250 | ||
| 100 | |a Lê, Trung Kiên | ||
| 245 | 0 | |a Những cuộc đàm phán lịch sử trong thời đại Hồ Chí Minh | |
| 245 | 0 | |c Lê Trung Kiên, Bùi Văn Tuấn (tuyển chọn và biên soạn) | |
| 260 | |a Đồng Nai | ||
| 260 | |b Nxb. Đồng Nai | ||
| 260 | |c 2011 | ||
| 300 | |a 431 tr. | ||
| 520 | |a Gồm 2 phần. Phần 1: Hiệp định Geneve 1954; Phần 2: Hiệp định Paris 1973 | ||
| 650 | |a Chiến tranh Việt Nam |y 1961-1975; Việt Nam |x Chính trị và chính quyền; Việt Nam |x Quan hệ nước ngoài; Quan hệ ngoại giao | ||
| 700 | |a Bùi, Văn Tuấn | ||
| 856 | |u http://lrc.tdmu.edu.vn/opac/search/detail.asp?aID=2&ID=20167 | ||
| 980 | |a Trung tâm Học liệu Trường Đại học Thủ Dầu Một | ||